| 000 | 00671nam a2200205Ii 4500 | ||
|---|---|---|---|
| 003 | JO-AjNU | ||
| 008 | 230605s9999||||xx |||||||||||||| ||und|| | ||
| 040 |
_aJO-AjNU _bara _erda _cJO-AjNU |
||
| 041 | _aara | ||
| 050 | 1 | 4 | _aPJ6035.F5748 1992 |
| 100 | 3 |
_aتاليف الفيصل،سمر روحي, _eauthor _916366 |
|
| 245 | 0 | 0 | _aالمشكلة اللغوية العربية |
| 250 | _aط1 | ||
| 264 | 3 | 1 | _aلبنان: جروس برس، 1992 |
| 300 | _a168ص | ||
| 336 |
_atext _btxt _2rdacontent |
||
| 337 |
_aunmediated _bn _2rdamedia |
||
| 338 |
_avolume _bnc _2rdacarrier |
||
| 650 | 4 |
_aاللغة العربية-متفرقات-اللغة-تاريخ-فلسفة _916367 |
|
| 999 |
_aA4833 _c8401 _d8401 |
||